000 02370nam a22003497a 4500
001 102537
003 KnowledgeUnlatched
005 20210303105248.0
006 m o d
007 cr u||||||||||
008 210129p20162019enk o u00| u eng d
037 _5BiblioBoard
245 0 0 _aAncient Greek Myth in World Fiction since 1989
_cEdith Hall.
020 _a9781472579409
029 1 _ahttps://library.biblioboard.com/ext/api/media/8c77659d-a8d2-450a-ac5e-71b6682e0c97/assets/thumbnail.jpg
040 _aScCtBLL
_cScCtBLL
506 0 _aAccess copy available to the general public.
_fUnrestricted
_2star
700 1 _aHall, Edith
_eeditor.
264 1 _bBloomsbury Academic,
300 _a1 online resource (290 p.)
520 _aAncient Greek Myth in World Fiction since 1989 explores the diverse ways that contemporary world fiction has engaged with ancient Greek myth. Whether as a framing device, or a filter, or via resonances and parallels, Greek myth has proven fruitful for many writers of fiction since the end of the Cold War. This volume examines the varied ways that writers from around the world have turned to classical antiquity to articulate their own contemporary concerns. Featuring contributions by an international group of scholars from a number of disciplines, the volume offers a cutting-edge, interdisciplinary approach to contemporary literature from around the world. Analysing a range of significant authors and works, not usually brought together in one place, the book introduces readers to some less-familiar fiction, while demonstrating the central place that classical literature can claim in the global literary curriculum of the third millennium.
588 0 _aDescription based on print version record.
590 _aKU Select 2018: HSS Backlist Books
650 7 _aLiterary Criticism / Ancient & Classical
_2bisacsh
650 0 _aLiterature
_xHistory and criticism
655 0 _aElectronic books.
758 _iIs found in:
_aKnowledge Unlatched
_1https://openresearchlibrary.org/module/2774bc74-146a-484f-a7ba-ab1d6a09bbfb
856 4 0 _uhttps://openresearchlibrary.org/content/8c77659d-a8d2-450a-ac5e-71b6682e0c97
_zView this content on Open Research Library.
_70
999 _c34000
_d34000